000
00337nam a2200133Ia 4500
008
100328s9999 xx 000 0 und d
082
_b
29319
100
_a
आपटे ह.ना.
245
_a
उष:काल
260
_b
सव्हिडिया
630
_a
उष:काल
730
_a
उष:काल
942
_c
BOOK
999
_c
520360
_d
520357